| 000 | 00585nam a2200169Ia 4500 | ||
|---|---|---|---|
| 005 | 20250218143755.0 | ||
| 008 | 231217s9999 xx 000 0 und d | ||
| 020 | _a9178810611300 | ||
| 082 | _a657 SEE.5;1 R | ||
| 100 | _aSeethapathi, K. Padmaja, G L. Padmavathi, C [et al...] | ||
| 245 | 0 | _aAccounting standards V.5 : earnings per share, interim reporting, miscellaneous issues | |
| 260 |
_c2002 _bIcfai _aHyderabad |
||
| 300 | _avii, 207+A8 | ||
| 400 | _aAccounting series | ||
| 650 | _aAccounting,standards,V.5,earnings,share,,interim,reporting,,miscellaneous | ||
| 942 | _cAA | ||
| 999 |
_c186894 _d186894 |
||